000 00744nam a2200229Ia 4500
005 20241129120210.0
008 241129s9999||||xx |||||||||||||| ||und||
020 _a9781032003535
037 _aTB
040 _aSDCL
_beng
_cSDCL
041 _aeng
_2eng
084 _aX:(G:55), R3
_qSDCL
100 _aBucciol Alessandro Ed.; Tavoni Alessandro Ed.; Veronesi Marcella Ed.
_9729402
245 0 _aBehavioural economics and the environment: A research companion
260 _aLondon
_bRoutledge
_c2023
300 _aix,408p.
365 _aGBP
_b36.99
490 _aRoutledge research companions in business and economics
650 _aBusiness Economics and Finance
942 _cTB
_hX:(G:55), R3
999 _c1233769
_d1233769